La Agricultura campesina en Costa Rica: alternativas y desafíos en la transformación productiva del agro . Capítulo I /

La redefinicion del proceso de desarrollo económico y el inicio de los Programas de Ajuste estructural en la década de 1980, demanda la implantación de políticas de transformación en el sector agroexportador. El crecimiento lento y fluctuante del sector agropecuario, causado por la sobreproducción y...

Full beskrivning

Sparad:
Bibliografiska uppgifter
Huvudupphovsman: Masís Morales, German
Institutionella upphovsmän: Instituto para el Desarrollo y la Acción Social, Universidad de Costa Rica. Facultad de Ciencias Sociales. Instituto de Investigaciones Sociales
Övriga upphovsmän: Rodríguez Solera, Carlos Rafael
Materialtyp: Text
Publicerad: San José: IDEAS
Ämnen:
Taggar: Lägg till en tagg
Inga taggar, Lägg till första taggen!

MARC

LEADER 00000 a a2200000 04500
001 28819
003
040
020 |a 9968-736-01-5  
090 |a 189801  
100 |a Masís Morales, German  
110 |a Instituto para el Desarrollo y la Acción Social  
245 |a La Agricultura campesina en Costa Rica: alternativas y desafíos en la transformación productiva del agro . Capítulo I /  |c Instituto para el Desarrollo y la Acción Social  
260 |a San José:   |b IDEAS  
300 |a 349 p  
520 |a La redefinicion del proceso de desarrollo económico y el inicio de los Programas de Ajuste estructural en la década de 1980, demanda la implantación de políticas de transformación en el sector agroexportador. El crecimiento lento y fluctuante del sector agropecuario, causado por la sobreproducción y consecuente baja en los rpecios de los principales cultivos para la exportacion en Costa Rica, guía al Estado hacia la diversificación de la estructura productiva, incentivando el cultivo y exportación de productos no tradicionales, en detrimento de la ya existente producción de granos básicos para el consumo nacional. En el texto se analiza la estructura de unidad de producción campesina, sus características y la forma en que el modelo de diversificación ha afectado su economía. Por otro lado, se analizan los cultivos que en la década de 1980 constituyen las principales actividades económicas en el sector agropecuario, entre los que se destacan el café, banano, azúcar, cacao, arroz, maíz, frijol y la ganadería  
650 |a DIVERSIFICACION DE EXPORTACIONES  
650 |a PEQUEÑOS AGRICULTORES  
650 |a ECONOMIA AGRICOLA  
650 |a POLITICA ECONOMICA  
650 |a SECTOR AGROPECUARIO  
650 |a ECONOMIA RURAL  
650 |a EMPLEO  
650 |a PRODUCCION AGROPECUARIA  
650 |a EXPORTACIONES  
650 |a CAMPESINADO  
650 |a PRODUCTIVIDAD  
650 |a PRODUCTO INTERNO BRUTO  
650 |a TASA DE CRECIMIENTO  
650 |a SECTOR AGROPECUARIO  
650 |a EXPORTACIONES  
650 |a PRODUCCION AGROPECUARIA  
650 |a POBLACION OCUPADA  
650 |a AGRICULTORES  
650 |a CULTIVOS  
700 |a Rodríguez Solera, Carlos Rafael  
710 |a Universidad de Costa Rica. Facultad de Ciencias Sociales. Instituto de Investigaciones Sociales  
999 |c 619  |d 619